书目信息 |
| 题名: |
基层医务人员初晋中复习考试参考题解
|
|
| 作者: | ;尤昭玲 编写 ;中国农村医学编辑部 编 | |
| 分册: | 中医中药分册 | |
| 出版信息: | 北京 人民卫生出版社 1988 |
|
| 页数: | 27,488页 | |
| 开本: | 19cm | |
| 丛书名: | ||
| 单 册: | ||
| 中图分类: | R , R-44 | |
| 科图分类: | ||
| 主题词: | 医药卫生人员--考核--试题 , 中国医药学--考试--试题 | |
| 电子资源: | ||
| ISBN: | 7-117-00552-1 | |
| 000 | 00969nam0 2200301 450 | |
| 001 | 0182001347 | |
| 005 | 20100713055112.0 | |
| 010 | @a7-117-00552-1@dCNY1.2 | |
| 011 | @a7-117-00552-1 | |
| 091 | @a14048.4123 | |
| 100 | @a20021120d1988 em y0chiy0110 ea | |
| 101 | 0 | @achi |
| 102 | @aCN@b110000 | |
| 105 | @ay q 000yy | |
| 106 | @ar | |
| 200 | 1 | @a基层医务人员初晋中复习考试参考题解@9Ji Ceng Yi Wu Ren Yuan;Yun Chu Jin Zhong Fu Xi Kao Shi Can;Cen;Shen Kao Ti Jie;Xie @i中医中药分册@f《中国农村医学》编辑部编@g尤昭玲等编写 |
| 205 | @a2版 | |
| 210 | @a北京@c人民卫生出版社@d1988 | |
| 215 | @a27,488页@d19cm | |
| 517 | 1 | @a中医中药@9zhong yi zhong yao |
| 606 | 0 | @a医药卫生人员@x考核@x试题 |
| 606 | 0 | @a中国医药学@x考试@x试题 |
| 690 | @aR@v4 | |
| 690 | @aR-44@v4 | |
| 702 | 0 | @a尤昭玲@9you zhao ling@4编写 |
| 711 | 02 | @a中国农村医学编辑部@9zhong guo nong cun yi xue bian ji bu@4编 |
| 801 | 0 | @aCN@bAzMarc@c20130904 |
| 905 | @aBZT@dR@e65@f1@sR/65 | |
| 基层医务人员初晋中复习考试参考题解.中医中药分册/《中国农村医学》编辑部编/尤昭玲等编写.-2版.-北京:人民卫生出版社,1988 |
| 27,488页;19cm |
| ISBN 7-117-00552-1:CNY1.2 |
| ● |
| 相关链接 |
|
|
|
正题名:基层医务人员初晋中复习考试参考题解
索取号:R/65
 
预约/预借
| 序号 | 登录号 | 条形码 | 馆藏地/架位号 | 状态 | 备注 |
| 1 | 2000148843 | 2000148843 | 旧书回溯/ [索取号:R/65] | 在馆 |